000 00412 a2200157 4500
020 _a9780716711865
040 _aDLC
_bDLC
082 _a516.15
100 _aMandelbrot, Benoit B
245 _aThe fractal geometry of nature
_cBenoit B Mandelbrot
260 _aNew York
_bFreeman & co
_c1983
300 _a468 p.
650 _aMathematical models
700 _aBenoit B Mandelbrot
942 _cBK
_k516.15 MAN
_2ddc
999 _c10776
_d10776